|
|
|
|
| LEADER |
00000nam0a2200000 4500 |
| 001 |
354626 |
| 005 |
20231102010718.0 |
| 035 |
|
|
|a (RuTPU)RU\TPU\retro\11885
|
| 090 |
|
|
|a 354626
|
| 100 |
|
|
|a 20200623d1973 m y0rusy50 ca
|
| 101 |
0 |
|
|a rus
|
| 102 |
|
|
|a UA
|
| 105 |
|
|
|a a j 001zy
|
| 200 |
1 |
|
|a Операционное исчисление
|e учебное пособие
|f В. С. Мартыненко
|
| 205 |
|
|
|a 3-е изд., перераб. и доп.
|
| 210 |
|
|
|a Киев
|c Вища школа
|d 1973
|
| 215 |
|
|
|a 268 с.
|c ил.
|
| 320 |
|
|
|a Библиогр.: с. 265
|
| 606 |
1 |
|
|a Операционное исчисление
|2 stltpush
|3 (RuTPU)RU\TPU\subj\47057
|9 66124
|
| 610 |
1 |
|
|a учебные пособия
|
| 610 |
1 |
|
|a преобразования Лапласа
|
| 610 |
1 |
|
|a линейность
|
| 610 |
1 |
|
|a дифференцирование
|
| 610 |
1 |
|
|a интегрирование
|
| 610 |
1 |
|
|a функции
|
| 610 |
1 |
|
|a свертка
|
| 610 |
1 |
|
|a интеграл Дюамеля
|
| 610 |
1 |
|
|a преобразование Фурье
|
| 610 |
1 |
|
|a интегралы
|
| 610 |
1 |
|
|a линейные дифференциальные уравнения
|
| 610 |
1 |
|
|a интегральные уравнения
|
| 610 |
1 |
|
|a дельта-функция Дирака
|
| 675 |
|
|
|a 517.455(075.8)
|v 4
|
| 700 |
|
1 |
|a Мартыненко
|b В. С.
|g Владимир Семенович
|
| 801 |
|
1 |
|a RU
|b 63413507
|c 20200623
|
| 801 |
|
2 |
|a RU
|b 63413507
|c 20201217
|g RCR
|
| 942 |
|
|
|c BK
|